JetPunk in Morse Code - Sudden Death - Statistics

General Stats
  • This quiz has been taken 100 times
    47 since last reset
  • The average score is 8 of 18
Answers on the Grid
Answers color-coded by a green-red scale on the quiz's grid according to % correct below.
J −
·
·
·
·
E −
·
T −
·
P −
·
·
·
·
U −
·
·
·
N −
·
·
K −
·
·
·
 
Answer Stats
Answer % Correct
·
78%
70%
65%
61%
·
52%
48%
48%
·
43%
·
43%
T −
43%
·
39%
·
39%
39%
N −
39%
·
30%
·
30%
30%
K −
30%
No matching quizzes found
Score Distribution
Percent of People with Each Score
Percentile by Number Answered
Your Score History
You have not taken this quiz since the last reset